| 000 | 00798cam a2200253 a 4500 | ||
|---|---|---|---|
| 001 | 4124 | ||
| 003 | BD-RjUL | ||
| 005 | 20211208233834.0 | ||
| 008 | 131221s1956 mau b 001 0 eng d | ||
| 035 | _a(BD-RjUL) | ||
| 035 | _a(BD-RjUL)4158 | ||
| 040 |
_aSUSA _beng _cSUSA _dAINC _dBD-RjUL |
||
| 041 | _aeng | ||
| 082 | 0 | 4 |
_a338.82 _219 _bBAB |
| 100 | 1 |
_aBain, Joe S. _q(Joe Staten), _d1912- _913094 |
|
| 245 | 1 | 0 |
_aBarriers to new competition : _btheir character and consequences in manufacturing industries / _cJoe S. Bain. |
| 260 |
_aCambridge, Mass. : _bHarvard University Press, _cc1956. |
||
| 300 |
_ax, 329 p. ; _c24 cm. |
||
| 504 | _aBibliography: p[319-321 and index. | ||
| 650 | 0 |
_aMonopolies. _913095 |
|
| 650 | 0 |
_aManufactures. _911778 |
|
| 650 | 0 |
_aCompetition. _913096 |
|
| 942 |
_2ddc _cBK |
||
| 999 |
_c4124 _d4124 |
||